Beautiful women by picture 2 - Statistics

General Stats
  • This quiz has been taken 251 times
  • The average score is 6 of 16
Answer Stats
Picture Answer % Correct
Rihanna
90%
Jennifer Aniston
88%
Marilyn Monroe
77%
Jessica Alba
57%
Penelope Cruz
54%
Sarah Palin
40%
Jennifer Love Hewitt
34%
Mel B
29%
Maria Sharapova
26%
Shania Twain
17%
Stormy Daniels
16%
Greta Garbo
9%
Lita Ford
9%
Princess Madeleine
8%
Yelena Isinbayeva
4%
Zhang Ziyi
3%
No matching quizzes found
Score Distribution
Percent of People with Each Score
Percentile by Number Answered
Your Score History
You have not taken this quiz